Theoretical psychology : (Record no. 21961)
[ view plain ]
| 000 -LEADER | |
|---|---|
| fixed length control field | 01257cam a22003135a 4500 |
| 001 - CONTROL NUMBER | |
| control field | 16693902 |
| 005 - DATE AND TIME OF LATEST TRANSACTION | |
| control field | 20201128023750.0 |
| 008 - FIXED-LENGTH DATA ELEMENTS--GENERAL INFORMATION | |
| fixed length control field | 110316s2012 enka frbe 000 0 eng d |
| 010 ## - LIBRARY OF CONGRESS CONTROL NUMBER | |
| LC control number | 2011925392 |
| 020 ## - INTERNATIONAL STANDARD BOOK NUMBER | |
| International Standard Book Number | 9781849207737 (hbk. : set) |
| 035 ## - SYSTEM CONTROL NUMBER | |
| System control number | (OCoLC)ocn777179630 |
| 035 ## - SYSTEM CONTROL NUMBER | |
| System control number | (OCoLC)777179630 |
| 040 ## - CATALOGING SOURCE | |
| Original cataloging agency | NLE |
| Language of cataloging | eng |
| Transcribing agency | NLE |
| Modifying agency | DLC |
| -- | EG-ScBUE |
| 082 04 - DEWEY DECIMAL CLASSIFICATION NUMBER | |
| Classification number | 150 |
| Item number | THE |
| Edition number | 22 |
| 245 00 - TITLE STATEMENT | |
| Title | Theoretical psychology : |
| Remainder of title | contemporary readings / |
| Statement of responsibility, etc | edited by Henderikus Stam. |
| 260 ## - PUBLICATION, DISTRIBUTION, ETC. (IMPRINT) | |
| Place of publication, distribution, etc | London : |
| Name of publisher, distributor, etc | SAGE Publications Ltd., |
| Date of publication, distribution, etc | 2012. |
| 300 ## - PHYSICAL DESCRIPTION | |
| Extent | 4 v. : |
| Other physical details | ill. ; |
| Dimensions | 24 cm. |
| 490 0# - Series Statement | |
| Series statement | SAGE benchmarks in psychology |
| 504 ## - BIBLIOGRAPHY, ETC. NOTE | |
| Bibliography, etc | Includes bibliographical references. |
| 505 0# - FORMATTED CONTENTS NOTE | |
| Formatted contents note | v. 1. Contemporary theoretical psychology -- v. 2. Theory and method -- v. 3. Cognitive psychology, cognition, embodied cognition, evolution -- v. 4. Alterity and sociality, development and change, abnormal and pathological theories. |
| 650 #0 - SUBJECT ADDED ENTRY--TOPICAL TERM | |
| Topical term or geographic name as entry element | Psychology |
| General subdivision | History |
| Chronological subdivision | 20th century. |
| Source of heading or term | BUEsh |
| 650 #7 - SUBJECT ADDED ENTRY--TOPICAL TERM | |
| Topical term or geographic name as entry element | Social psychology. |
| Source of heading or term | BUEsh |
| 9 (RLIN) | 9682 |
| 650 #7 - SUBJECT ADDED ENTRY--TOPICAL TERM | |
| Topical term or geographic name as entry element | Developmental psychology. |
| Source of heading or term | BUEsh |
| 9 (RLIN) | 952 |
| 651 ## - SUBJECT ADDED ENTRY--GEOGRAPHIC NAME | |
| Source of heading or term | BUEsh |
| 653 ## - INDEX TERM--UNCONTROLLED | |
| Resource For college | Generalities |
| Arrived date list | July2016 |
| 650 #0 - SUBJECT ADDED ENTRY--TOPICAL TERM | |
| 9 (RLIN) | 33178 |
| Topical term or geographic name as entry element | Cognitive psychology |
| Source of heading or term | BUEsh |
| 700 1# - ADDED ENTRY--PERSONAL NAME | |
| Personal name | Stam, Henderikus J., |
| Dates associated with a name | 1954-, |
| Relator term | editor. |
| 9 (RLIN) | 40329 |
| 942 ## - ADDED ENTRY ELEMENTS (KOHA) | |
| Source of classification or shelving scheme | Dewey Decimal Classification |
| Withdrawn status | Item status | Source of classification or shelving scheme | Damaged status | Not for loan | Vendor | Home library | Current library | Shelving location | Date acquired | Source of acquisition | Cost, normal purchase price | Serial Enumeration / chronology | Total Checkouts | Full call number | Barcode | Date last seen | Cost, replacement price | Koha item type | Public note |
|---|---|---|---|---|---|---|---|---|---|---|---|---|---|---|---|---|---|---|---|
| Dewey Decimal Classification | Baccah | Central Library | Central Library | Ground Floor | 14/07/2016 | Purchase | 11900.00 | 25147 | 150 THE | 000032857 | 15/07/2025 | 14875.00 | Reference (NB) | VOL. 1. | |||||
| Dewey Decimal Classification | Baccah | Central Library | Central Library | Ground Floor | 14/07/2016 | Purchase | 11900.00 | 25147 | 150 THE | 000032858 | 15/07/2025 | 14875.00 | Reference (NB) | VOL. 2. | |||||
| Dewey Decimal Classification | Baccah | Central Library | Central Library | Ground Floor | 14/07/2016 | Purchase | 11900.00 | 25147 | 150 THE | 000032859 | 15/07/2025 | 14875.00 | Reference (NB) | VOL. 3. | |||||
| Dewey Decimal Classification | Baccah | Central Library | Central Library | Ground Floor | 14/07/2016 | Purchase | 11900.00 | 25147 | 150 THE | 000032860 | 15/07/2025 | 14875.00 | Reference (NB) | VOL. 4. |